000
00272nam a2200097Ia 4500
008
220120s9999||||xx |||||||||||||| ||und||
100
_a
NIIT world class education
245
0
_a
WSA developer v4.x - hands on overview
260
_b
New Delhi
_c
2001
300
_a
XVIII, 232p.
_b
0
999
_c
136638
_d
136638